| 000 | 00873nam a2200241 4500 | ||
|---|---|---|---|
| 003 | OSt | ||
| 005 | 20240422141220.0 | ||
| 008 | 240422s2002 mx a|||f |||| 001 0 spa d | ||
| 040 |
_erda _cCHAP |
||
| 245 | 0 | 0 |
_aCatálogo de investigaciones relevantes / _ccoordinado por Rosaura Rodríguez Gracia ...[y otros tres]. |
| 250 | _aPrimera edición | ||
| 264 | 1 |
_aMéxico: _bUniversidad Autónoma Chapingo, _c2002. |
|
| 300 |
_a40 páginas: _bIlustraciones |
||
| 336 |
_2rdacontent _atexto _btxt |
||
| 337 |
_2rdamedia _asin medio _bn |
||
| 338 |
_2rdacarrier _avolumen _bnc |
||
| 504 | _aIncluye índice | ||
| 650 | 7 |
_91643 _aAgricultura _xInvestigación _xMéxico |
|
| 650 | 4 |
_923126 _aCiencia _xInvestigación |
|
| 650 | 4 |
_9188986 _aUACH _vCatálogos _xInvestigación |
|
| 700 | 1 |
_998563 _aRodríguez Gracia, Rosaura |
|
| 942 |
_2Clasificación Universidad Autónoma Chapingo _cFOLL |
||
| 999 |
_c219869 _d219869 |
||